| 000 | 00526nam a22001697a 4500 | ||
|---|---|---|---|
| 999 |
_c9618 _d9618 |
||
| 008 | 210915b ||||| |||| 00| 0 eng d | ||
| 040 | _aBMS College of Architecture | ||
| 100 | _aJayaprakash, Sheetal | ||
| 245 | _aPondicherry yacht club Pondicherry | ||
| 300 | _a45pp. | ||
| 500 | _a1BM05AT043 | ||
| 502 |
_8B.Arch _NBMS College of Architecture, Visvesvaraya Technological University (VTU) _aProject report _d2010 |
||
| 650 | _aPondicherry | ||
| 700 |
_aK. Manjula _eGuide |
||
| 700 |
_aPushpa D _eGuide |
||
| 942 |
_2ddc _cTHE |
||